Caṇḍāḷa. (Record no. 70409)

MARC details
000 -LEADER
fixed length control field 00545cam a22002291 4500
001 - CONTROL NUMBER
control field sa 66006248
003 - CONTROL NUMBER IDENTIFIER
control field DLC
005 - DATE AND TIME OF LATEST TRANSACTION
control field 20260227112255.0
008 - FIXED-LENGTH DATA ELEMENTS--GENERAL INFORMATION
fixed length control field 941012s1965 ii 000 0 orio
010 ## - LIBRARY OF CONGRESS CONTROL NUMBER
LC control number sa 66006248
025 ## - OVERSEAS ACQUISITION NUMBER
Overseas acquisition number PL480:I-O-636
035 ## - SYSTEM CONTROL NUMBER
System control number (OCoLC)31273840
040 ## - CATALOGING SOURCE
Original cataloging agency DLC
Transcribing agency CU
Modifying agency CU
-- DLC
042 ## - AUTHENTICATION CODE
Authentication code premarc
050 00 - LIBRARY OF CONGRESS CALL NUMBER
Classification number PK2579.B387
Item number C3
100 1# - MAIN ENTRY--PERSONAL NAME
Personal name Behera, Umakanta.
245 10 - TITLE STATEMENT
Title Caṇḍāḷa.
260 ## - PUBLICATION, DISTRIBUTION, ETC.
Date of publication, distribution, etc. [1965]
300 ## - PHYSICAL DESCRIPTION
Extent 171 p.
Dimensions 19 cm.
500 ## - GENERAL NOTE
General note In Oriya.
700 0# - ADDED ENTRY--PERSONAL NAME
Personal name Dānabīra Hariścandra.

No items available.

Powered by Koha